<?xml version="1.0" encoding="UTF-8"?><?xml-stylesheet type="text/xsl" href="static/style.xsl"?><OAI-PMH xmlns="http://www.openarchives.org/OAI/2.0/" xmlns:xsi="http://www.w3.org/2001/XMLSchema-instance" xsi:schemaLocation="http://www.openarchives.org/OAI/2.0/ http://www.openarchives.org/OAI/2.0/OAI-PMH.xsd"><responseDate>2026-04-30T05:11:06Z</responseDate><request verb="GetRecord" identifier="oai:uvadoc.uva.es:10324/5924" metadataPrefix="marc">https://uvadoc.uva.es/oai/request</request><GetRecord><record><header><identifier>oai:uvadoc.uva.es:10324/5924</identifier><datestamp>2021-06-29T10:03:58Z</datestamp><setSpec>com_10324_38</setSpec><setSpec>col_10324_852</setSpec></header><metadata><record xmlns="http://www.loc.gov/MARC21/slim" xmlns:doc="http://www.lyncode.com/xoai" xmlns:xsi="http://www.w3.org/2001/XMLSchema-instance" xmlns:dcterms="http://purl.org/dc/terms/" xsi:schemaLocation="http://www.loc.gov/MARC21/slim http://www.loc.gov/standards/marcxml/schema/MARC21slim.xsd">
<leader>00925njm 22002777a 4500</leader>
<datafield tag="042" ind1=" " ind2=" ">
<subfield code="a">dc</subfield>
</datafield>
<datafield tag="720" ind1=" " ind2=" ">
<subfield code="a">Vacas Hernández, Iván</subfield>
<subfield code="e">author</subfield>
</datafield>
<datafield tag="260" ind1=" " ind2=" ">
<subfield code="c">2014</subfield>
</datafield>
<datafield tag="520" ind1=" " ind2=" ">
<subfield code="a">Este trabajo pretende recordar los juegos tradicionales y populares, tan olvidados en los tiempos que acontecen, siendo unos agentes socializadores tan importantes y siendo unos grandes impulsores de la autonomía personal del niño. También se pretende dar diferentes formas de ocio a los a los niños/as en su tiempo libre, a través de diversos juegos. &#xd;
Se realizará una propuesta de intervención educativa, mediante una unidad didáctica de juegos tradicionales y populares, compuesta de 5 sesiones, donde los niños/as podrán descubrir diferentes juegos y desarrollar su propio fichero personal para poder jugar siempre que quieran.</subfield>
</datafield>
<datafield tag="024" ind2=" " ind1="8">
<subfield code="a">http://uvadoc.uva.es/handle/10324/5924</subfield>
</datafield>
<datafield ind1=" " ind2=" " tag="653">
<subfield code="a">Juegos-España</subfield>
</datafield>
<datafield ind1=" " ind2=" " tag="653">
<subfield code="a">Folclore-España</subfield>
</datafield>
<datafield tag="245" ind1="0" ind2="0">
<subfield code="a">Juegos tradicionales y populares en Mataelpino, Cerceda y el Boalo (zona oeste de la Comunidad de Madrid)</subfield>
</datafield>
</record></metadata></record></GetRecord></OAI-PMH>